Osmanlı sanayii (Record no. 10033)

MARC details
000 -BAŞLIK
Sabit Uzunlukta Kontrol Alanı 00840na a2200277 4500
001 - KONTROL NUMARASI
Denetim Alanı 15576
003 - KONTROL NUMARASI IDENTIFIER
Denetim Alanı MIRAKIL
005 - SON İŞLEM TARİHİ VE ZAMANI
Denetim Alanı 20181213155305.0
008 - SABİT-BOY VERİ ELEMANLARI - GENEL BİLGİLER
Sabit Uzunlukta Kontrol Alanı 160917b tu 000 0
035 ## - SİSTEM KONTROL NUMARASI
Sistem Kontrol Numarası 15576
040 ## - KATALOGLAMA KAYNAK
Orijinal Kataloglama Ajansı Milas
Kataloglama Dili tur
Metne Dönüştürmek Ajansı TR-AnCHP
082 ## - DEWEY ONLU SINIFLANDIRMA NUMARASI
Sınıflandırma Numarası 315.6
Ürün Numarası O75 1984
090 ## - SINIFLAMA NUMARASI
Sınıflama Numarası 315.6 O75 1984
245 ## - BAŞLIK TABLOSU
Başlık Osmanlı sanayii
Başlığın Kalan 1913-1915 istatistikleri
Sorumluluk Tablosu, Vb yayına hazırlayan A. Gündüz Ökçün
246 ## - UNVAN FORM VARYING
Başlık Doğru / Kısa Başlığı 1913-1915 istatistikleri
250 ## - EDITION TABLOSU
Baskı Beyanı 3. bs.
260 ## - YAYIN, DAĞITIM, VB
Yayın, Dağıtım, Vb Yeri İstanbul
Yayıncı, Dağıtıcı, Vs Adı Hil Yayın
Yayın, Dağıtım, Vb Tarihi 1984
300 ## - FİZİKSEL TANIM
Kapsam 199 s.
Diğer Fiziksel Ayrıntıları tbl.
Boyutlar 24 sm.
490 ## - SERİSİ TABLOSU
Seri Beyanı Araştırma dizisi
Hacim / Ardışık Tanımı 1
490 ## - SERİSİ TABLOSU
Seri Beyanı Hil yayın
Hacim / Ardışık Tanımı 15
500 ## - GENEL NOT
Genel Not Dizin var
651 ## - KONU KATMA GİRİŞ - COĞRAFİ ADI
Coğrafi İsim Osmanlı İmparatorluğu
Genel Alt Bölümü Sanayi
Kronolojik Alt Bölümü 20. yüzyıl
651 ## - KONU KATMA GİRİŞ - COĞRAFİ ADI
Coğrafi İsim Osmanlı İmparatorluğu
Genel Alt Bölümü İstatistikler
Kronolojik Alt Bölümü Sanayi
Coğrafi Alt Bölümü 1913-1915
700 ## - KATMA GİRİŞ - KİŞİSEL İSİM
Kişisel Ad Ökçün, A. Gündüz
942 ## - EKLENDİ GİRİŞ ELEMANLARI (KOHA)
Sınıflandırma Veya Raf Düzeni Kaynak Dewey Decimal Classification
Koha Öğesi Türü Books
999 ## - SİSTEM KONTROL NUMARALARI (KOHA)
Koha Biblionumber 10033
Koha Biblioitemnumber 10033
Holdings
Kalıcı Konum Mevcut Konum Edinme Tarihi Edinim Kaynak Toplam Check-Out'Lar Tam Çağrı Numarası Barkod Tarih Son Görülme İtibaren Geçerli Fiyatlar Koha Öğesi Türü
CHP Kütüphanesi CHP Kütüphanesi 09/17/2016 Bağış   315.6 O75 1984 003923 09/17/2016 09/17/2016 Books